000 00512nam a2200169 i 4500
001 82564
003 ES-MaACL
005 20230906174709.0
007 t|
008 041111s1908 it ||||1| ita d
100 1 _aImpallomeni, G. B.
_965224
245 1 0 _aIstituzioni di diritto penale
_b: opera postuma /
_cG.B. Impallomeni ; curata da Vincenzo Lanza.
260 _aTorino :
_bUnione Tipografico,
_c1908.
300 _aXX, 514 p. ;
_c24 cm.
700 1 _aLanza, Vincenzo.
_970120
852 _aES-MaACL
_jF-9436
999 _c82564
_d82564